Random Question Quiz #2 - Statistics

General Stats
  • This quiz has been taken 31 times
  • The average score is 6 of 10
Answer Stats
Hint Answer % Correct
What is Canada's second language? French
100%
What is the smallest country in the world? Vatican City
97%
Which country shares mount Everest with China? Nepal
87%
What is the capital of Austria? Vienna
87%
What company is known for super Mario? Nintendo
80%
What was Myanmar's old name? Burma
73%
What is graphite made of? Carbon
63%
What are the enemies you fight against in doom? Demons
20%
What is the name of the disease that infects you in subnautica? Kharaa
3%
What type of tree is a christmas tree? Coniferous
0%
No matching quizzes found
Score Distribution
Percent of People with Each Score
Percentile by Number Answered
Your Score History
You have not taken this quiz